Builders' missives: the case for standardisation (Record no. 71691)
[ view plain ]
| 000 -LEADER | |
|---|---|
| fixed length control field | 01063cam a2200241 4500 |
| 001 - CONTROL NUMBER | |
| control field | ABS66120 |
| 008 - FIXED-LENGTH DATA ELEMENTS--GENERAL INFORMATION | |
| fixed length control field | 021203n2002 000 0 eng u |
| 035 ## - SYSTEM CONTROL NUMBER | |
| System control number | (Sirsi) u120642 |
| 100 ## - MAIN ENTRY--PERSONAL NAME | |
| Personal name | Lewin, L. |
| 245 ## - TITLE STATEMENT | |
| Title | Builders' missives: the case for standardisation |
| 260 ## - PUBLICATION, DISTRIBUTION, ETC. | |
| Date of publication, distribution, etc. | 2002 |
| 490 ## - SERIES STATEMENT | |
| Series statement | Property Law |
| Volume/sequential designation | (60) November 2002, 1-3(3) |
| 520 ## - SUMMARY, ETC. | |
| Summary, etc. | The Conveyancing Committee of the Law Society of Scotland examines areas of law and practice of conveyancing that could be improved. Argues for the standardisation of builders' missives, particularly of certain clauses involving deposits, payment of the purchase price, electronic same day transfer of funds, productions of permissions, consents and searches, variations of materials and estate layouts and factoring and title conditions. |
| 590 ## - LOCAL NOTE (RLIN) | |
| Local note | ABS |
| 650 ## - SUBJECT ADDED ENTRY--TOPICAL TERM | |
| Topical term or geographic name entry element | BUILDERS' MISSIVES |
| 650 ## - SUBJECT ADDED ENTRY--TOPICAL TERM | |
| Topical term or geographic name entry element | STANDARDISATION |
| 650 ## - SUBJECT ADDED ENTRY--TOPICAL TERM | |
| Topical term or geographic name entry element | CONVEYANCING |
| 650 ## - SUBJECT ADDED ENTRY--TOPICAL TERM | |
| Topical term or geographic name entry element | CONTRACT CLAUSES |
| 650 ## - SUBJECT ADDED ENTRY--TOPICAL TERM | |
| Topical term or geographic name entry element | HOUSE BUILDING |
| 690 ## - LOCAL SUBJECT ADDED ENTRY--TOPICAL TERM (OCLC, RLIN) | |
| Topical term or geographic name as entry element | BUILT ENVIRONMENT-BUILDING STANDARDS |
| 700 ## - ADDED ENTRY--PERSONAL NAME | |
| Personal name | Brymer, S. |
| 942 ## - ADDED ENTRY ELEMENTS (KOHA) | |
| Suppress in OPAC | 0 |
| Withdrawn status | Lost status | Source of classification or shelving scheme | Damaged status | Not for loan | Home library | Current library | Shelving location | Date acquired | Total Checkouts | Full call number | Barcode | Date last seen | Copy number | Price effective from | Koha item type |
|---|---|---|---|---|---|---|---|---|---|---|---|---|---|---|---|
| Dewey Decimal Classification | London | London | Journal article | 03/12/2002 | ABS66120 | 120642-1001 | 06/08/2019 | 1 | 06/08/2019 | Journal article |